| 000 | 00482nam a2200157 a 4500 | ||
|---|---|---|---|
| 001 | 428 | ||
| 003 | CDMR | ||
| 005 | 20151016131802.0 | ||
| 008 | 130130s ||||||||||||||||||||||||||||d | ||
| 040 |
_aCDMR _bcat _cCDMR |
||
| 110 | 2 |
_9302 _aFundació Centre Internacional de Premsa de Barcelona |
|
| 245 | 1 | 0 |
_aQuè és el CIPB? _cCentre Internacional de Premsa de Barcelona |
| 260 |
_aBarcelona _bCentre Internacional de Premsa de Barcelona _c[s.d.] |
||
| 300 | _a[8] p. | ||
| 942 |
_cFULLET _2udc |
||
| 999 |
_c428 _d428 |
||